000 00582nam a22002057a 4500
003 OSt
005 20210415112636.0
008 210310s1967 ||||| |||| 00| 0 eng d
040 _aeng
_beng
_cDLC
041 _aeng
080 _a821.111
_bM-65
100 _91322
_aMichener, A. James
245 _aThe Source
_c/ by: A Fawcett Crest Book
260 _aGreenwich, Conn.
_bA Fawcett Crest Book
_c1967
300 _a1088 p.
_bill.
365 _b1.65 usd
650 0 _9254
_aEnglish literature
653 _aინგლისური ლიტერატურა
942 _2udc
_cBK
999 _c2076
_d2076